000
00304nam a22001337a 4500
008
170630b xxu||||| |||| 00| 0 eng d
020
_a
9780838562871
041
_a
eng
080
_a
679
100
_a
11
101
_a
SHM
245
_a
MEDICAL MICROBIOLOGY & IMMUNOLOGY
_c
LEVINSON, W
942
_2
udc
_c
BK
999
_c
19771
_d
19771